50 Most Popular Actors of 2025 by Image - Statistics

General Stats
  • This quiz has been taken 80 times
  • The average score is 29 of 50
Answer Stats
Picture Answer % Correct
Brad Pitt
97%
Tom Cruise
93%
Dwayne Johnson
92%
Samuel L Jackson
88%
Tom Hanks
88%
Chris Hemsworth
86%
Timothee Chalamet
85%
Adam Sandler
82%
Jim Carrey
82%
Harrison Ford
81%
Benedict Cumberbatch
76%
Matt Damon
76%
Michael B Jordan
71%
Chris Pratt
69%
Liam Neeson
69%
Denzel Washington
68%
Willem Dafoe
68%
Pedro Pascal
67%
Robert Pattinson
67%
Andrew Garfield
65%
Mark Ruffalo
63%
Mark Wahlberg
61%
Jason Statham
60%
Tobey Maguire
58%
Daniel Craig
57%
Tom Hardy
57%
Adam Driver
53%
Joaquin Phoenix
53%
Pierce Brosnan
53%
Jake Gyllenhall
51%
Ralph Fiennes
50%
Rami Malek
50%
Hugh Grant
49%
Stanley Tucci
49%
Woody Harrelson
49%
Jason Mamoa
47%
Jeff Goldblum
46%
John Krasinski
44%
Brendan Fraser
42%
Michael Keaton
39%
Javier Bardem
38%
Ethan Hawke
36%
Laurence Fishburne
36%
Colin Farrell
33%
Gary Oldman
33%
Mads Mikkelsen
32%
Viggo Mortensen
31%
Sebastian Stan
29%
Oscar Issac
24%
Nicholas Hoult
15%
No matching quizzes found
Score Distribution
Percent of People with Each Score
Percentile by Number Answered
Your Score History
You have not taken this quiz